Kecemerlangan pentadbiran : Dasar dan amalan dalam Islam

Bibliographic Details
Other Authors: Shafie Hj. Mohd. Salleh
Format: Book
Published: Kuala Lumpur : INTAN , 1991
Subjects:

MARC

LEADER 00000cam a2200000 7i4500
001 0000001497
002 000001643
005 20000330.0
020 |a 9679933032 
090 0 0 |a 297.1975   |b KEC 
245 0 0 |a Kecemerlangan pentadbiran :   |b Dasar dan amalan dalam Islam   |c diselenggarakan oleh Shafie Hj.Mohd.Salleh dan Mohd.Affandi Hassan 
260 |a Kuala Lumpur :   |b INTAN ,   |c 1991 
300 |a 212p. ;   |c 25cm. 
650 0 0 |a Administrative agencies   |x Religious aspects   |x Islam 
650 0 0 |a Public administration   |x Religious aspects   |x Islam 
700 0 |a Shafie Hj. Mohd. Salleh 
999 |a 00073058   |b BUKU   |c PINJAMAN   |e PERPUSTAKAAN KOMUNITI PETALING JAYA 
999 |a 034034   |b BUKU   |c MALAYSIANA   |e PERPUSTAKAAN KOMUNITI PETALING JAYA 
999 |a 034035   |b BUKU   |c MALAYSIANA   |e PERPUSTAKAAN KOMUNITI PETALING JAYA